| 000 | 01327pam a2200325 a 4500 | ||
|---|---|---|---|
| 999 |
_c332415 _d332415 |
||
| 001 | 613798 | ||
| 003 | NUST | ||
| 005 | 20171204104103.0 | ||
| 008 | 920123s1992 miua b 001 0 eng | ||
| 010 | _a 92003838 | ||
| 020 | _a0873718003 | ||
| 040 |
_aDLC _cDLC _dDLC |
||
| 050 | 0 | 0 |
_aTD879.P4 _bL964 1992 |
| 082 | 0 | 0 |
_a628.55 LYM _220 |
| 100 | 1 |
_aLyman, Warren J. _96913 |
|
| 245 | 1 | 0 |
_aMobility and degradation of organic contaminants in subsurface environments / _cWarren J. Lyman, Patrick J. Reidy, Benjamin Levy. |
| 260 |
_aChelsea, Mich. : _bC.K. Smoley, _cc1992. |
||
| 300 |
_av, 395 p. : _bill. ; _c25 cm. |
||
| 500 | _aH.B | ||
| 504 | _aIncludes bibliographical references and index. | ||
| 650 | 0 |
_aOil pollution of soils. _96776 |
|
| 650 | 0 |
_aOil pollution of water. _96914 |
|
| 650 | 0 |
_aPetroleum products _xUnderground storage _xEnvironmental aspects. _96915 |
|
| 650 | 0 |
_aOil storage tanks _xEnvironmental aspects. _96916 |
|
| 650 | 0 |
_aTransport theory. _96917 |
|
| 700 | 1 |
_aReidy, Patrick J. _96918 |
|
| 700 | 1 |
_aLevy, Benjamin _q(Benjamin S.) _96919 |
|
| 856 | 4 | 2 |
_3Publisher description _uhttp://www.loc.gov/catdir/enhancements/fy0744/92003838-d.html |
| 906 |
_a7 _bcbc _corignew _d1 _eocip _f19 _gy-gencatlg |
||
| 942 |
_2ddc _cBK _kIESE |
||